Statistics for Groups of Five Quiz #1

Click here to take the quiz!

General Stats

  • This quiz has been taken 155,939 times
    (128,419 since last reset)
  • The average score is 34 of 60

Answer Stats

Group Answer % Correct
OceansPacific
96%
FingersThumb
96%
The Five SensesSmell
96%
The Five SensesTouch
96%
OceansAtlantic
95%
FingersPinky
94%
The Five SensesTaste
93%
The Five SensesSight
93%
FingersIndex
93%
FingersMiddle
91%
OceansIndian
91%
FingersRing
89%
The Five SensesHearing
88%
The Jackson 5Michael
87%
U.S. Military BranchesNavy
81%
U.S. Military BranchesAir Force
76%
U.S. Military BranchesArmy
75%
OceansArctic
71%
First Five Books of the BibleGenesis
69%
Great LakesMichigan
68%
Spice GirlsPosh
67%
U.S. Military BranchesMarines
65%
Great LakesErie
63%
OceansSouthern
63%
Stages of GriefDenial
62%
Stages of GriefAcceptance
62%
Stages of GriefAnger
58%
Spice GirlsSporty
58%
Great LakesSuperior
58%
Spice GirlsBaby
56%
Spice GirlsScary
54%
Biggest Caribbean IslandsJamaica
52%
Spice GirlsGinger
51%
Great LakesOntario
51%
Basketball PositionsCenter
51%
First Five Books of the BibleExodus
51%
Great LakesHuron
50%
Basketball PositionsPoint Guard
49%
Biggest Caribbean IslandsCuba
48%
U.S. Military BranchesCoast Guard
45%
Marx BrothersGroucho
39%
First Five Books of the BibleLeviticus
38%
The Jackson 5Tito
35%
First Five Books of the BibleNumbers
34%
Stages of GriefDepression
33%
First Five Books of the BibleDeuteronomy
33%
The Jackson 5Jermaine
32%
Biggest Caribbean IslandsTrinidad
32%
Stages of GriefBargaining
28%
Basketball PositionsPower Forward
27%
Basketball PositionsShooting Guard
27%
Biggest Caribbean IslandsHispaniola
26%
Marx BrothersHarpo
26%
Biggest Caribbean IslandsPuerto Rico
24%
Basketball PositionsSmall Forward
24%
Marx BrothersZeppo
13%
Marx BrothersChico
12%
The Jackson 5Marlon
11%
The Jackson 5Jackie
8%
Marx BrothersGummo
6%

Score Distribution

Percentile by Number Answered

Percent of People with Each Score

Your Score History

You have not taken this quiz since the last reset